| 000 | 00613nam a2200205 a 4500 | ||
|---|---|---|---|
| 005 | 20240815063752.0 | ||
| 008 | 030409s1996 mx r 000 0 spa d | ||
| 020 | _a9508081015 | ||
| 035 | _aUPN01000123703 | ||
| 049 | _aCG | ||
| 050 | 4 |
_aRB150 A6.7 _bA5.6 |
|
| 245 | 0 | 0 |
_aAnorexia, bulimia : _bmusicoterapia y otros aportes terapéuticos / _cGregorio Tisera-López... [et al.]. |
| 260 |
_aRosario, Arg. : _bHomo Sapiens, _c1996. |
||
| 300 | _a200 p. | ||
| 650 | 2 |
_aAnorexia _94747 |
|
| 650 | 2 |
_aBulimia _99416 |
|
| 650 | 2 |
_aMusicoterapia _913577 |
|
| 700 | 1 |
_aTisera-López, Gregorio, _ecoaut. |
|
| 905 | _aLibro | ||
| 999 |
_c95882 _d95882 |
||